| 000 | 00623nam a22001577a 4500 | ||
|---|---|---|---|
| 003 | OSt | ||
| 005 | 20151216145109.0 | ||
| 008 | 151216b xxu||||| |||| 00| 0 eng d | ||
| 040 | _cRUA | ||
| 082 | _aAED NHE 2004 B217 Or.1 | ||
| 100 |
_94934 _aNHEM CHANSEREYVATANA; ញឹម ច័ន្ទសេរីវឌ្ឍនា |
||
| 245 | _aPork market study in sihanouk ville; ការសិក្សាអំពីទីផ្សារផលិតផលសាច់ជ្រូក នៅក្រុងព្រះសីហនុ. | ||
| 260 |
_aPhnom Penh _bRUA _c2004 |
||
| 300 |
_axi; 61p. _bill. _c29cm. |
||
| 942 |
_2ddc _cAED |
||
| 999 |
_c4583 _d4583 |
||